Géographie - Villes de la région Bretagne - Clic Quiz - Statistiques

Statistiques générales
  • Ce quiz a été pris 40 fois
  • Le résultat moyen est 80 sur 150
Statistiques - réponses
Hint Réponse % Correct
Vitré Ille-et-Vilaine
83%
Lannion Côtes-d'Armor
80%
Brest Finistère
80%
Quimper Finistère
80%
Lorient Morbihan
80%
Saint-Malo Ille-et-Vilaine
77%
Vannes Morbihan
77%
Guingamp Côtes-d'Armor
73%
Douarnenez Finistère
73%
Concarneau Finistère
73%
Pacé Ille-et-Vilaine
73%
Cesson-Sévigné Ille-et-Vilaine
73%
Saint-Brieuc Côtes-d'Armor
70%
Paimpol Côtes-d'Armor
70%
Perros-Guirec Côtes-d'Armor
70%
Landerneau Finistère
70%
Bréal-sous-Montfort Ille-et-Vilaine
70%
Rennes Ille-et-Vilaine
70%
Langueux Côtes-d'Armor
67%
Lamballe-Armor Côtes-d'Armor
67%
Bruz Ille-et-Vilaine
67%
Châteaugiron Ille-et-Vilaine
67%
Saint-Jacques-de-la-Lande Ille-et-Vilaine
67%
Redon Ille-et-Vilaine
67%
Châteaubourg Ille-et-Vilaine
67%
Dol-de-Bretagne Ille-et-Vilaine
67%
La Guerche-de-Bretagne Ille-et-Vilaine
67%
Plougastel-Daoulas Finistère
63%
Saint-Grégoire Ille-et-Vilaine
63%
Fougères Ille-et-Vilaine
63%
Montfort-sur-Meu Ille-et-Vilaine
63%
Chantepie Ille-et-Vilaine
63%
Chartres-de-Bretagne Ille-et-Vilaine
63%
Janzé Ille-et-Vilaine
63%
Betton Ille-et-Vilaine
63%
Auray Morbihan
63%
Pontivy Morbihan
63%
Sarzeau Morbihan
63%
Loudéac Côtes-d'Armor
60%
Trégueux Côtes-d'Armor
60%
Fouesnant Finistère
60%
Morlaix Finistère
60%
Plouigneau Finistère
60%
Le Rheu Ille-et-Vilaine
60%
Thorigné-Fouillard Ille-et-Vilaine
60%
Combourg Ille-et-Vilaine
60%
Laillé Ille-et-Vilaine
60%
Argentré-du-Plessis Ille-et-Vilaine
60%
La Chapelle-des-Fougeretz Ille-et-Vilaine
60%
Vern-sur-Seiche Ille-et-Vilaine
60%
Acigné Ille-et-Vilaine
60%
Noyal-sur-Vilaine Ille-et-Vilaine
60%
Montauban-de-Bretagne Ille-et-Vilaine
60%
Muzillac Morbihan
60%
Binic-Étables-sur-Mer Côtes-d'Armor
57%
Pont-l'Abbé Finistère
57%
Ploudalmézeau Finistère
57%
Quimperlé Finistère
57%
Penmarch Finistère
57%
Guipavas Finistère
57%
Landivisiau Finistère
57%
Plouzané Finistère
57%
Crozon Finistère
57%
Orgères Ille-et-Vilaine
57%
Bain-de-Bretagne Ille-et-Vilaine
57%
Vezin-le-Coquet Ille-et-Vilaine
57%
Noyal-Châtillon-sur-Seiche Ille-et-Vilaine
57%
Liffré Ille-et-Vilaine
57%
Quiberon Morbihan
57%
Ploemeur Morbihan
57%
Caudan Morbihan
57%
Dinan Côtes-d'Armor
53%
Plérin Côtes-d'Armor
53%
Plourin-lès-Morlaix Finistère
53%
Saint-Gilles Ille-et-Vilaine
53%
Saint-Méen-le-Grand Ille-et-Vilaine
53%
Cancale Ille-et-Vilaine
53%
Ploërmel Morbihan
53%
Larmor-Plage Morbihan
53%
Saint-Avé Morbihan
53%
Baden Morbihan
53%
Plédran Côtes-d'Armor
50%
Pordic Côtes-d'Armor
50%
Ploufragan Côtes-d'Armor
50%
Plaintel Côtes-d'Armor
50%
Plouha Côtes-d'Armor
50%
Plonéour-Lanvern Finistère
50%
Plouguerneau Finistère
50%
Carhaix-Plouguer Finistère
50%
Lesneven Finistère
50%
Scaër Finistère
50%
Rosporden Finistère
50%
Locmaria-Plouzané Finistère
50%
Moëlan-sur-Mer Finistère
50%
Mordelles Ille-et-Vilaine
50%
Hennebont Morbihan
50%
Saint-Renan Finistère
47%
Gouesnou Finistère
47%
Plabennec Finistère
47%
Gévezé Ille-et-Vilaine
47%
Guichen Ille-et-Vilaine
47%
Dinard Ille-et-Vilaine
47%
Nivillac Morbihan
47%
Kervignac Morbihan
47%
Riantec Morbihan
47%
Questembert Morbihan
47%
Arradon Morbihan
47%
Elven Morbihan
47%
Inzinzac-Lochrist Morbihan
47%
Le Mené Côtes-d'Armor
43%
Saint-Pol-de-Léon Finistère
43%
La Mézière Ille-et-Vilaine
43%
Retiers Ille-et-Vilaine
43%
Plouay Morbihan
43%
Baud Morbihan
43%
Brech Morbihan
43%
Ploeren Morbihan
43%
Séné Morbihan
43%
Yffiniac Côtes-d'Armor
40%
Bégard Côtes-d'Armor
40%
Le Relecq-Kerhuon Finistère
40%
Lannilis Finistère
40%
Châteaulin Finistère
40%
Clohars-Carnoët Finistère
40%
Lanester Morbihan
40%
Plescop Morbihan
40%
Theix-Noyalo Morbihan
40%
Pluvigner Morbihan
40%
Guidel Morbihan
40%
Grand-Champ Morbihan
40%
Guer Morbihan
40%
Ploumagoar Côtes-d'Armor
37%
Trégunc Finistère
37%
Guilers Finistère
37%
La Bouëxière Ille-et-Vilaine
37%
Pleurtuit Ille-et-Vilaine
37%
Milizac-Guipronvel Finistère
33%
Bannalec Finistère
33%
Briec Finistère
33%
Ergué-Gabéric Finistère
33%
Guipry-Messac Ille-et-Vilaine
33%
Iffendic Ille-et-Vilaine
33%
Melesse Ille-et-Vilaine
33%
Languidic Morbihan
33%
Quéven Morbihan
33%
Plouhinec Morbihan
33%
Pluneret Morbihan
33%
Maen Ille-et-Vilaine
30%
Saint-Martin-des-Champs Finistère
23%
Goven Ille-et-Vilaine
23%
Aucun quiz correspondant
Distribution des résultats
% des personnes avec chaque résultat
Percentile par nombre de réponses
Votre historique - résultats
Vous n’avez pas pris ce quiz